000 01539nam a2200217 a 4500
001 ASIN8189866826
003 OSt
005 20150408114141.0
008 131001s2008 xxu eng d
020 _a8189866826 (paperback)
_c$32.00
020 _a9788189866822 (paperback)
040 _aMa-Un
082 _222
_a005.133
100 1 _aMuniswamy, V V.
_937522
245 1 0 _aData structures through java /
_cV V Muniswamy.
260 _a New Delhi :
_bI K International Publishing House,
_c2008.
300 _a404 p. ;
_c24 cm.
520 _aThis book is designed for the way we learn and intended for one-semester course in Data Structures through Java. This is a very useful guide for graduate and undergraduate students and teachers of Computer Science. This modern object-oriented approach to data structures helps students make the transition from a first course in programming to an integrated under-standing of data structures and their applications. Carefully developing topics with sufficient detail, this text enables students to learn about concepts on their own, offering instructors' flexibility and allowing them to use the text as lecture reinforcement. It includes an exhaustive introduction to algorithms, an integral part of understanding data structures, and uses Java syntax and structure in the design of data structures. Its breadth of coverage insures that data structures and algorithms are carefully and comprehensively discussed.
650 _aJava (Computer program language)
_93299
942 _2ddc
_cBOOK
999 _c31073
_d265573